মুক্তিযুদ্ধের ইতিহাস চর্চা / (Record no. 11023)
[ view plain ]
| 000 -LEADER | |
|---|---|
| fixed length control field | 00817nam a2200241 a 4500 |
| 001 - CONTROL NUMBER | |
| JCCL Control Number | 11023 |
| 003 - CONTROL NUMBER IDENTIFIER | |
| JCCL marc code | BD-JhCC |
| 005 - DATE AND TIME OF LATEST TRANSACTION | |
| control field | 20201206134020.0 |
| 008 - FIXED-LENGTH DATA ELEMENTS--GENERAL INFORMATION | |
| fixed length control field | 190725b20002016bg |||| ||a| 000 0 ben d |
| 020 ## - INTERNATIONAL STANDARD BOOK NUMBER | |
| International Standard Book Number | 9789844044937 |
| 035 ## - SYSTEM CONTROL NUMBER | |
| system control number | (BD-JhCC)11023 |
| 040 ## - CATALOGING SOURCE | |
| Original cataloging agency | BD-JhCC |
| Modifying agency | BD-JhCC |
| 041 ## - LANGUAGE CODE | |
| Language code of Book | ben |
| 082 ## - DEWEY DECIMAL CLASSIFICATION NUMBER | |
| Classification number | 954.9205 |
| Author mark and Year | HOS 2016 |
| 100 ## - MAIN ENTRY--PERSONAL NAME | |
| Personal name | হোসেন, সৈয়দ আনোয়ার |
| 245 ## - TITLE STATEMENT | |
| Title | মুক্তিযুদ্ধের ইতিহাস চর্চা / |
| Statement of responsibility, etc | সৈয়দ আনোয়ার হোসেন । |
| 260 ## - PUBLICATION, DISTRIBUTION, ETC. (IMPRINT) | |
| Place of publication, distribution, etc | ঢাকাঃ |
| Name of publisher, distributor, etc | অনুপুম প্রকাশনী; |
| Date of publication, distribution, etc | ২০১৬. |
| 300 ## - PHYSICAL DESCRIPTION | |
| Pagination | ১১০ পৃঃ . : |
| Dimensions | ২২ সেমি. |
| 650 ## - SUBJECT ADDED ENTRY--TOPICAL TERM | |
| Topical term or geographic name as entry element | Political science |
| 650 ## - SUBJECT ADDED ENTRY--TOPICAL TERM | |
| Topical term or geographic name as entry element | Liberation war |
| 942 ## - ADDED ENTRY ELEMENTS (KOHA) | |
| Source of classification or shelving scheme | Dewey Decimal Classification |
| Koha item type | Books |
| Koha issues (borrowed), all copies | 1 |
| Source of classification or shelving scheme | Damaged status | Not for loan | Home library | Current library | Shelving location | Cost, normal purchase price | Total Checkouts | Full call number | Barcode | Date last seen | Date checked out | Copy number | Koha item type |
|---|---|---|---|---|---|---|---|---|---|---|---|---|---|
| Dewey Decimal Classification | JCC Rouf Library | JCC Rouf Library | General Stacks | 180.00 | 1 | 954.9205 HOS 2016 | 15016 | 12/15/2020 | 12/05/2020 | C-1 | Books |